Normal view
MARC view
Entry Personal Name
001 - CONTROL NUMBER
- control field: 44768
003 - CONTROL NUMBER IDENTIFIER
- control field: dpl
005 - DATE AND TIME OF LATEST TRANSACTION
- control field: 20120404130144.0
008 - FIXED-LENGTH DATA ELEMENTS
- fixed length control field: 120404|||a|||||| | ||| d
040 ## - CATALOGING SOURCE
- Original cataloging agency: dpl
- Transcribing agency: dpl
100 ## - HEADING--PERSONAL NAME
- Personal name: Kawashima, Koji
670 ## - SOURCE DATA FOUND
- Source citation: Work cat.: (dpl): Kawashima, Koji, Missionaries and a Hindu state Travancore 1858-1936 /, 1998
670 ## - SOURCE DATA FOUND
- Source citation: Work cat.: (dpl): Kawashima, Koji, Missionaries and a Hindu state Travancore 1858-1936 /, 1998
